[Event "Bohumin op-A 6th"]
[Site "Bohumin"]
[Date "2023.07.04"]
[Round "4"]
[White "Lojek, Marek"]
[Black "Drazic, Sinisa"]
[Result "0-1"]
[WhiteElo "2147"]
[BlackElo "2374"]
[PlyCount "64"]
[EventDate "2023.07.01"]
[EventType "swiss"]
[EventRounds "9"]
[EventCountry "CZE"]
[SourceTitle "CBM 215 Extra"]
[Source "ChessBase"]
[SourceDate "2023.09.30"]
[SourceVersion "1"]
[SourceVersionDate "2023.09.30"]
[SourceQuality "1"]

1. e4 c5 2. Nf3 e6 3. g3 b6 4. Bg2 Bb7 5. d4 cxd4 6. Nxd4 Nf6 7. Bg5 h6 8. Bxf6 Qxf6 9. 0-0 Nc6 10. Nb5 Qe5 11. a4 a6 12. N5c3 Bc5 13. Nd2 Qc7 14. Kh1 h5 15. Nb3 Be7 16. h3 h4 17. g4 g5 18. Qd2 Ne5 19. Rad1 f6 20. Ne2 Rc8 21. Nbd4 Ng6 22. b3 Kf7 23. c4 Rcd8 24. Nc2 Qe5 25. f4 gxf4 26. Nxf4 Bxe4 27. Rde1 d5 28. Nxg6 Kxg6 29. Bxe4+ dxe4 30. Qg2 Rd3 31. Rxe4 Rxh3+ 32. Kg1 Bc5+ 0-1

[Event "Stare Mesto op"]
[Site "Stare Mesto"]
[Date "2022.08.14"]
[Round "3"]
[White "Lojek, Marek"]
[Black "Neuman, Petr"]
[Result "0-1"]
[WhiteElo "2133"]
[BlackElo "2393"]
[PlyCount "102"]
[EventDate "2022.08.12"]
[EventType "swiss"]
[EventRounds "9"]
[EventCountry "CZE"]
[SourceTitle "CBM 209 Extra"]
[Source "ChessBase"]
[SourceDate "2022.09.30"]
[SourceVersion "1"]
[SourceVersionDate "2022.09.30"]
[SourceQuality "1"]

1. e4 c6 2. d4 d5 3. exd5 cxd5 4. c4 Nf6 5. Nc3 Be6 6. Nf3 dxc4 7. Ne5 Nbd7 8. Nxc4 Nd5 9. Ne3 Nxc3 10. bxc3 Nf6 11. d5 Bd7 12. c4 e5 13. Be2 Bb4+ 14. Bd2 Qa5 15. f3 b6 16. Rb1 Bxd2+ 17. Qxd2 Qc5 18. 0-0 0-0 19. Kh1 Ne8 20. Ng4 Bxg4 21. fxg4 Nd6 22. Rbc1 Rac8 23. Qe1 Rc7 24. Rc3 Qa5 25. Bd3 e4 26. Bb1 Rxc4 27. Rxc4 Qxe1 28. Rxe1 Nxc4 29. Bxe4 Nd6 30. Bf3 Rc8 31. Kg1 Kf8 32. Re2 f6 33. Re6 Nf7 34. d6 Re8 35. Rxe8+ Kxe8 36. Be4 g6 37. h4 Nxd6 38. Bd3 Ke7 39. Kf2 Ke6 40. Kf3 Ke5 41. g3 b5 42. h5 gxh5 43. Bxh7 hxg4+ 44. Kxg4 a5 45. Kf3 a4 46. Ke2 Kd4 47. g4 b4 48. Bc2 Ne4 49. Kf3 Nc5 50. Kf4 a3 51. Kf5 Kc3 0-1

[Event "Bohumin op 5th"]
[Site "Bohumin"]
[Date "2022.07.10"]
[Round "9"]
[White "Posluszny, Tomasz"]
[Black "Lojek, Marek"]
[Result "1/2-1/2"]
[WhiteElo "1972"]
[BlackElo "2142"]
[PlyCount "125"]
[EventDate "2022.07.02"]
[EventType "swiss"]
[EventRounds "9"]
[EventCountry "CZE"]
[SourceTitle "CBM 209 Extra"]
[Source "ChessBase"]
[SourceDate "2022.09.30"]
[SourceVersion "1"]
[SourceVersionDate "2022.09.30"]
[SourceQuality "1"]

1. d4 d5 2. c4 c6 3. Nf3 Nf6 4. e3 Bf5 5. Nc3 e6 6. Nh4 Be4 7. f3 Bg6 8. Nxg6 hxg6 9. Bd2 Bd6 10. Qb3 Qb6 11. c5 Qxb3 12. axb3 Rxh2 13. Rxh2 Bg3+ 14. Kd1 Bxh2 15. b4 Bc7 16. b5 cxb5 17. Nxb5 Kd7 18. Nxc7 Kxc7 19. b4 Nbd7 20. Be1 Ne8 21. Bg3+ Kc8 22. Kd2 Nc7 23. b5 b6 24. c6 Nf6 25. Bd3 Nfe8 26. e4 f5 27. Ke3 dxe4 28. fxe4 Nf6 29. Rh1 Nh5 30. Be5 a6 31. bxa6 b5 32. Ra1 fxe4 33. Bxe4 Rxa6 34. Rxa6 Nxa6 35. Bxg6 Nf6 36. Bd3 Nc7 37. Kf4 Nfd5+ 38. Kg5 Ne7 39. Bxg7 Nxc6 40. g4 Kd7 41. Be5 b4 42. Kf6 Nd5+ 43. Kf7 Nxe5+ 44. dxe5 Nf4 45. Bb5+ Kc7 46. Ba4 Nd3 47. Kf6 Nf2 48. g5 Ne4+ 49. Kg6 Nc5 50. Bc2 Nd7 51. Kf7 Nxe5+ 52. Kxe6 Nd7 53. Ke7 Ne5 54. Kf6 Kd6 55. Bb3 Nd7+ 56. Kf5 Nf8 57. Bc2 Ke7 58. Bb3 Kd6 59. Kg4 Ke5 60. Kh5 Ne6 61. g6 Nf4+ 62. Kh6 Nxg6 63. Kxg6 1/2-1/2

[Event "Bohumin op 5th"]
[Site "Bohumin"]
[Date "2022.07.02"]
[Round "1"]
[White "Lojek, Marek"]
[Black "Konecny, Jakub"]
[Result "1-0"]
[WhiteElo "2142"]
[BlackElo "1429"]
[PlyCount "55"]
[EventDate "2022.07.02"]
[EventType "swiss"]
[EventRounds "9"]
[EventCountry "CZE"]
[SourceTitle "CBM 209 Extra"]
[Source "ChessBase"]
[SourceDate "2022.09.30"]
[SourceVersion "1"]
[SourceVersionDate "2022.09.30"]
[SourceQuality "1"]

1. e4 c6 2. d4 d5 3. e5 Bf5 4. Nd2 e6 5. Nb3 Nd7 6. Be3 Qc7 7. Nf3 Ne7 8. Be2 c5 9. Nxc5 Nxc5 10. dxc5 Nc6 11. c3 Bg4 12. b4 Bxf3 13. Bxf3 Qxe5 14. Qb3 Be7 15. 0-0 0-0 16. Rfe1 Qc7 17. Rad1 Rfd8 18. Rd2 Rd7 19. Red1 Rad8 20. Be2 Bf6 21. Bb5 a6 22. Ba4 Re7 23. c4 dxc4 24. Rxd8+ Nxd8 25. Qxc4 b5 26. cxb6 Qb8 27. Bc5 Qc8 28. Bxe7 1-0

[Event "CZE-chT2F 2122"]
[Site "Czech Republic"]
[Date "2022.01.30"]
[Round "7.3"]
[White "Kolar, Stanislav"]
[Black "Lojek, Marek"]
[Result "1/2-1/2"]
[WhiteElo "2046"]
[BlackElo "2123"]
[PlyCount "69"]
[EventDate "2021.10.17"]
[EventType "team-tourn"]
[EventRounds "11"]
[EventCountry "CZE"]
[SourceTitle "EXT 2024"]
[Source "ChessBase"]
[SourceDate "2023.10.10"]
[SourceVersion "1"]
[SourceVersionDate "2023.10.10"]
[SourceQuality "1"]
[WhiteTeam "Havirov Banik"]
[BlackTeam "Orlova Slavia II"]
[WhiteTeamCountry "CZE"]
[BlackTeamCountry "CZE"]

1. Nf3 Nf6 2. g3 b6 3. Bg2 Bb7 4. 0-0 e6 5. c4 c5 6. Nc3 Be7 7. d4 cxd4 8. Nxd4 Bxg2 9. Kxg2 Qc7 10. b3 a6 11. Bb2 Nc6 12. Nf3 h5 13. h4 Ng4 14. Qd2 0-0-0 15. Rac1 g5 16. Nd5 exd5 17. Bxh8 d4 18. Bxd4 gxh4 19. Qf4 Bd6 20. Qxf7 Nxd4 21. Nxd4 Bxg3 22. Qf3 Be5 23. Qa8+ Qb8 24. Qxa6+ Kc7 25. Nb5+ Kc6 26. c5 Bb2 27. Na7+ Kd5 28. Rcd1+ Ke5 29. Rxd7 Kf6 30. Rxd8 h3+ 31. Kf3 Nh2+ 32. Ke4 Qe5+ 33. Kd3 Qc3+ 34. Ke4 Qe5+ 35. Kd3 1/2-1/2

[Event "Ustron op-A"]
[Site "Ustron"]
[Date "2020.08.21"]
[Round "9"]
[White "Krawczyk, Flawian"]
[Black "Lojek, Marek"]
[Result "1/2-1/2"]
[WhiteElo "2114"]
[BlackElo "2175"]
[PlyCount "87"]
[EventDate "2020.08.15"]
[EventType "swiss"]
[EventRounds "9"]
[EventCountry "POL"]
[SourceTitle "CBM 197 Extra"]
[Source "ChessBase"]
[SourceDate "2020.09.30"]
[SourceVersion "1"]
[SourceVersionDate "2020.09.30"]
[SourceQuality "1"]

1. e4 c5 2. Nf3 d6 3. d4 cxd4 4. Qxd4 Bd7 5. c4 Nc6 6. Qe3 g6 7. Nc3 Bg7 8. Be2 Nf6 9. h3 0-0 10. 0-0 Ne8 11. Rd1 Nc7 12. Rb1 b6 13. Qf4 Nd4 14. Nxd4 Bxd4 15. Rxd4 e5 16. Qe3 exd4 17. Qxd4 Bc6 18. b3 Ne6 19. Qd2 Qf6 20. Bb2 Qf4 21. Rd1 Qxd2 22. Rxd2 Rad8 23. Bf3 Rfe8 24. b4 Ng5 25. h4 Nxe4 26. Bxe4 Bxe4 27. Nb5 Ba8 28. Nxd6 Re6 29. c5 a5 30. a3 axb4 31. axb4 bxc5 32. bxc5 Bc6 33. f3 Rb8 34. Kf2 Rb4 35. Ne4 Rbxe4 36. fxe4 Rxe4 37. Rd8+ Re8 38. Rxe8+ Bxe8 39. Ke3 Bc6 40. g3 Kf8 41. Bf6 Ke8 42. Kf4 h5 43. Bd4 Kd7 44. Ke5 1/2-1/2

[Event "Ustron op-A"]
[Site "Ustron"]
[Date "2020.08.19"]
[Round "7"]
[White "Krzywda, Andrzej"]
[Black "Lojek, Marek"]
[Result "0-1"]
[WhiteElo "2156"]
[BlackElo "2175"]
[PlyCount "66"]
[EventDate "2020.08.15"]
[EventType "swiss"]
[EventRounds "9"]
[EventCountry "POL"]
[SourceTitle "CBM 197 Extra"]
[Source "ChessBase"]
[SourceDate "2020.09.30"]
[SourceVersion "1"]
[SourceVersionDate "2020.09.30"]
[SourceQuality "1"]

1. d4 Nf6 2. c4 c5 3. d5 b5 4. cxb5 a6 5. bxa6 g6 6. Nc3 Bxa6 7. Nf3 d6 8. g3 Bg7 9. Bg2 0-0 10. 0-0 Nbd7 11. Rb1 Ng4 12. Qc2 Qa5 13. Bd2 Nge5 14. Nxe5 Nxe5 15. b3 Qa3 16. f4 Ng4 17. Rfe1 c4 18. e3 cxb3 19. Rxb3 Qc5 20. Qb1 Bc4 21. Ne4 Qa7 22. Rb7 Qxa2 23. Qd1 f5 24. Ng5 Bf6 25. h3 Bxd5 26. hxg4 Bxg2 27. Kxg2 Qd5+ 28. Qf3 Qxd2+ 29. Re2 Qd1 30. Nh3 Ra1 31. Nf2 fxg4 32. Qxg4 Qd5+ 33. Qf3 Rg1+ 0-1

[Event "Ustron op-A"]
[Site "Ustron"]
[Date "2020.08.15"]
[Round "1"]
[White "Lojek, Marek"]
[Black "Licznerski, Lukasz"]
[Result "0-1"]
[WhiteElo "2175"]
[BlackElo "2369"]
[PlyCount "98"]
[EventDate "2020.08.15"]
[EventType "swiss"]
[EventRounds "9"]
[EventCountry "POL"]
[SourceTitle "CBM 197 Extra"]
[Source "ChessBase"]
[SourceDate "2020.09.30"]
[SourceVersion "1"]
[SourceVersionDate "2020.09.30"]
[SourceQuality "1"]

1. e4 c6 2. d4 d5 3. exd5 cxd5 4. c4 Nf6 5. Nc3 g6 6. Qb3 Bg7 7. cxd5 0-0 8. Nge2 Na6 9. g3 Qb6 10. Qxb6 axb6 11. Bg2 Nb4 12. 0-0 Rd8 13. Bg5 Nbxd5 14. Nxd5 Nxd5 15. Nc3 Be6 16. Bxd5 Bxd5 17. Bxe7 Rd7 18. Nxd5 Rxd5 19. Rfd1 Rxd4 20. Rxd4 Bxd4 21. Rd1 Bxb2 22. Rd8+ Rxd8 23. Bxd8 Bd4 24. Kf1 Kf8 25. Ke2 Ke8 26. Bg5 Kd7 27. f3 Kc6 28. Kd3 Bg1 29. h3 Kb5 30. Bc1 Ka4 31. Kc4 b5+ 32. Kc3 b4+ 33. Kc2 Bh2 34. g4 Bc7 35. Bb2 Bf4 36. Bf6 Ka3 37. Be7 b6 38. Kd3 Kxa2 39. Bxb4 Kb3 40. Be7 b5 41. h4 Bc1 42. h5 gxh5 43. gxh5 Ba3 44. Bf6 b4 45. Be7 Ka4 46. Bf6 Kb3 47. Be5 Ka2 48. Kc4 b3 49. f4 Bb2 0-1